000 00360 a2200109 4500
001 ART_6554
005 20260410161826.0
008 260409a
245 1 0 _aAplicación de tecnologías de gestión en las empresas del Sector Pesquero Marplatense
100 1 _aDuran, Claudia
773 0 _tFACES
_g- Año 10, Nº 19 (ene./abr. 2004)
_wREV5046
999 _c22782
_d22782